000 00944nam a2200229Ia 4500
008 130821s2001 ck gr spa
020 _a9589381529
040 _aCo-BoUCM
_bspa
041 0 0 _aspa
110 2 _aColombia.
_bMinisterio de Relaciones Exteriores
245 1 0 _aMemoria al Congreso Nacional 2000-2001
_cMinisterio de Relaciones Exteriores, Guillermo Fernández de Soto
260 _aBogotá (Colombia)
_bFondo Editorial de la Cancillería de San Carlos
_c2001
300 _a934 páginas
490 0 _aSerie documentos
504 _aIncluye índice.
651 7 _aColombia
_bMinisterio de Relaciones Exteriores
_vInformes
_y2000-2001
_926606
651 7 _aColombia
_bRelaciones internacionales
_y2000-2001
_926606
651 7 _aColombia
_xAdministración pública
_vInformes
_y2000-2001
_926606
700 1 _aFernández de Soto, Guillermo
942 _cLIBRO
_a6
_e1
_mC718
_2DEWEY
_h351.0006
999 _c62548
_d62548